LEADER 01248nam a2200277 u 4500 001 000000039945 003 CaOOAMICUS 005 20070226114040.0 008 980520s1968 fr u000 u fre u 035 $a10795522 040 $aPUL(R)$bita 100 1 $aCot, Jean-Pierre.$0(OLS)http://pul/name/29604 245 13$aLa conciliation internationale /$cJean-Pierre Cot ; préface de Mme S. Bastid .. 260 $aParis :$bA. Pedone,$c1968. 300 $aiv, 389 p. ;$c25 cm 490 1 $aPublications de la Revue générale de droit international public.$aNouvelle série ;$v11 500 $aContiene indici. 504 $aBibliografia in nota. 650 4$aDiritto internazionale.$0(OLS)http://pul/subject/2505 700 1 $aBastid, Suzanne.$0(OLS)http://pul/name/28338 830 0$aPublications de la Revue générale de droit international public.$pNouvelle série ;$v11.$0(OLS)http://pul/title/54012 850 $aPUL 852 $aPUL$W1$xSL Diritto e Scienze Sociali 1$y4$m179 C 68$j54351$nBK-PRI$b $qStampati$B54351$CPULBib$Z2$F54351 $H $81 941 1 $a8 996 $6245$aLa conciliation internationale$9(OLS)http://pul/title/54011 996 $6260$aParis :$bA. Pedone$9(OLS)http://pul/publisher/50402 LEADER 02816nam a2200421 a 4500 001 000000090886 003 CaOOAMICUS 005 20150504094728.0 008 051222m19539999sz u000 u fre r 035 $a11073605 040 $aPUL(R)$bita 110 2 $aPapi (1939-1958 : Pius PP. XII).$0(OLS)http://pul/name/3722 245 10$aDocuments pontificaux de sa sainteté Pie XII /$créunis et présentés par R. Kothen. 260 $aSaint-Maurice, Suisse :$bEditions de l'oeuvre Saint-Augustin ;$aParis :$bEditions Labergerie$g1953- 300 $av. ;$c22 cm 500 $aContengono indici. 504 $aBibliografia in nota. 505 1 $aV. 1. 1950. -- v. 2. 1951. -- v. 3. 1952. -- v. 4. 1953. -- v. 5. 1954. -- v. 6. 1955 / réunis et présentés par Mgr. Simon Delacroix. -- v. 7. 1956. -- v. 8. 1957. -- v. 9. 1958. 610 24$aPapi (1939-1958 : Pius PP. XII)$xDocumenti e corrispondenza.$0(OLS)http://pul/subject/17765 700 1 $aKothen, Robert.$0(OLS)http://pul/name/15060 700 1 $aDelacroix, Simon.$0(OLS)http://pul/name/91974 850 $aPUL 852 $aPUL$W1$xDP1 Fondo Pastorale$y55$mP19 G 31$j114606$nBK-PRI$av. 1$qFondi$B114606$CPULBib$Z2$F114606 $81 852 $aPUL$W1$xDP1 Fondo Pastorale$y55$mP19 G 31.2$j165168$av. 2$qFondi$B165433$CPULBib$Z2$F165433 $H125668 $82 852 $aPUL$W1$xDP1 Fondo Pastorale$y55$mP19 G 31.3$j165169$av. 3$qFondi$B165434$CPULBib$Z2$F165434 $H125669 $82 852 $aPUL$W1$xDP1 Fondo Pastorale$y55$mP19 G 31.4$j165170$av. 4$qFondi$B165435$CPULBib$Z2$F165435 $H125670 $82 852 $aPUL$W1$xDP1 Fondo Pastorale$y55$mP19 G 31.5$j165171$av. 5$qFondi$B165436$CPULBib$Z2$F165436 $H125671 $82 852 $aPUL$W1$xDP1 Fondo Pastorale$y55$mP19 G 31.6$j165172$av. 6$qFondi$B165437$CPULBib$Z2$F165437 $H125672 $82 852 $aPUL$W1$xDP1 Fondo Pastorale$y55$mP19 G 31.7$j165173$av. 7$qFondi$B165438$CPULBib$Z2$F165438 $H125673 $82 852 $aPUL$W1$xDP1 Fondo Pastorale$y55$mP19 G 31.8$j165174$av. 8$qFondi$B165439$CPULBib$Z2$F165439 $H125674 $82 852 $aPUL$W1$xDP1 Fondo Pastorale$y55$mP19 G 31.9$j165175$av. 9$qFondi$B165440$CPULBib$Z2$F165440 $H125675 $82 900 $aPius PP.$bXII,$d1876-1958$93722 900 $aPius PP.$bXII,$d1876-1958$93722 941 1 $a1 996 $6245$aDocuments pontificaux de sa sainteté Pie XII$9(OLS)http://pul/title/117357 996 $6260$aSaint-Maurice, Suisse :$bEditions de l'oeuvre Saint-Augustin$9(OLS)http://pul/publisher/78616 996 $6260$aParis :$bEditions Labergerie$9(OLS)http://pul/publisher/76554